000 00700nam a22002177a 4500
003 UA-OsUOA
001 74255
007 ta
008 20110331b un ||||| |||| 00| 0 ukr d
100 _aБренделева Е.
090 _a330
_bБ87
942 _cSA
040 _aUA-OsUOA
_brus
_cUA-OsUOA
_dUA-OsUOA
245 _aСовременные процессы глобализации и институциональные издержки национальных экономик
300 _aС.21-29
955 _a0
041 _arus
080 _a330
773 0 _w74252
_tМеждународная экономика
_dМ.
_d2011
_g1
650 7 _a330 Економіка взагалі
_2UDC
999 _c360545
_d360545